000 00304nam a2200109Ia 4500
008 171211s9999 xx 000 0 und d
245 _aYou Can Be Beautiful Beyond Breast Cancer
245 _cLeslie Spencer
260 _c2012
650 _xFITNESS
856 _uhttp://down.ebook777.com/063/1841263567.pdf
999 _c349031
_d349031